000 00715nam a2200229 a 4500
001 1146931
005 20250214181239.0
008 960523s1996 txua b 001 0 eng
020 _a0155028286
020 _a9780155028289
050 0 0 _aBF76.5
_b.M57 1996
082 0 0 _a150/.7/2
_221
100 1 _aMitchell, Mark L.
245 1 0 _aResearch design explained /
_cMark Mitchell, Janina Jolley.
250 _a3rd ed.
260 _aFort Worth :
_bHarcourt Brace College Publishers,
_cc1996.
300 _axxiii, 624 p. :
_bill. ;
_c25 cm.
650 0 _aPsychology
_xResearch
_xMethodology.
650 0 _aPsychology, Experimental
_xResearch
_xMethodology.
700 1 _aJolley, Janina M.
942 _2lcc
_cBK
_e3rd Ed.
_n0
999 _c3880
_d3880